Statistics for Artist by Biggest hit

Click here to take the quiz!

General Stats

  • This quiz has been taken 29 times
  • The average score is 9 of 15

Answer Stats

HitArtist% Correct
Another one bites the dustQueen
96%
WonderwallOasis
89%
Smells like teen spiritNirvana
85%
With or without youU2
85%
Candle in the wind 1997/Something about the way you look tonightElton John
78%
Dark horseKaty Perry
67%
Gold DiggerKanye West
63%
Bad guyBillie Eilish
59%
CreepRadiohead
56%
Stay with meSam Smith
56%
Girls like youMaroon 5
52%
Lose you to love meSelena Gomez
44%
The HillsThe weeknd
41%
Even though im leavingLuke Combs
7%
SeñoritaShawn Mendez
7%

Score Distribution

Percentile by Number Answered

Percent of People with Each Score

Your Score History

You have not taken this quiz